| 000 | 01035nam a22003737a 4500 | ||
|---|---|---|---|
| 001 | BR0808990 | ||
| 003 | BR-BrBNA | ||
| 005 | 20230928102808.0 | ||
| 007 | ta | ||
| 008 | 230509b bl.||||| |||| 00| 0 por d | ||
| 040 |
_aBR-BrBNA _bpor _cBiblioteca Nacional de Agricultura |
||
| 041 | _a(Por) | ||
| 072 |
_aL01; E70 _b6100 _b9705 |
||
| 090 | _ 6100 BR0808990 | ||
| 100 | 1 | _aCotta, T. | |
| 245 | 1 | _aFrangos de corte: criação, abate e comercialização | |
| 260 | 3 |
_aViçosa, MG (Brasil): _bAprenda Fácil Editora, _c2003. |
|
| 300 | _a237 p. | ||
| 500 | _a17 ref.; 33 tables; 28 illus. | ||
| 650 | _aFRANGO DE CORTE | ||
| 650 | _aCARNE | ||
| 650 | _aCRIAÇÃO | ||
| 650 | _aABATE | ||
| 650 | _aCOMERCIALIZAÇÃO | ||
| 650 | _aSISTEMA DE PRODUÇÃO | ||
| 650 | _aPERFORMANCE | ||
| 650 | _aINSTALAÇÃO PARA ANIMAL | ||
| 650 | _aMANEJO | ||
| 650 | _aNUTRIÇÃO ANIMAL | ||
| 650 | _aPROPRIEDADE ORGANOLÉPTICA | ||
| 650 | _aMICROBIOLOGIA DE ALIMENTO | ||
| 909 |
_a202309 _bLucia _c55 _dLucia Elande |
||
| 942 | _cBK | ||
| 999 |
_c72475 _d72475 |
||